|
|
|
|
| LEADER |
00635 a2200157 4500 |
| 008 |
100208b ||||| |||| 00| 0 eng d |
| 082 |
|
|
|a 388.110954
|
| 100 |
|
|
|a Nanjundappa, D.M.
|
| 245 |
|
|
|a Road user taxation and road finance in Indian economy /
|c D M Nanjundappa
|
| 260 |
|
|
|b JNM institute of development studies,
|a Bombay:
|c 1973.
|
| 500 |
|
|
|a Gift
|
| 650 |
|
|
|a Transportation, Automotive--Taxation
|
| 650 |
|
|
|a Roads--Finance-India
|
| 942 |
|
|
|c BK
|
| 999 |
|
|
|c 310027
|d 310027
|
| 952 |
|
|
|0 0
|1 0
|2 ddc
|4 0
|6 388_110954000000000_NAN_R
|7 0
|9 356120
|a ECN
|b ECN
|c GEN
|d 2010-09-07
|e SSDC, ICCSR
|g 0.00
|i 595
|l 0
|o 388.110954 NAN/R
|p ECN595
|r 2010-09-07
|w 2010-09-07
|y BK
|